000 00451nam a22001697a 4500
003 LK-CoMWRAF
005 20240118150804.0
008 231114b |||||||| |||| 00| 0 eng d
040 _aLK-CoMWRAF
_dLK-CoMWRAF
_eLK-CoMWRAF
041 _aeng
082 _a823
_bREA
100 _aReader's Digest
245 _aSelect and condensed
260 _aPleasantville, N.Y. :
_bReader's Digest Association,
_c1997
650 _aEnglish Fiction
942 _cBK
999 _c4080
_d4080